Word Ladder: Around the Rosie Quiz Stats

 Plays Quiz Updated Oct 16, 2015

Challenge
Share
Tweet
Embed
Score 0/28 Timer 03:00
1 Play Today
Clue 4-Letter Word % Correct
Italy's shapeBOOT
96.7%
●Olympic prize●GOLD
92.2%
●Forest growth●TREE
92.1%
Showy flowerROSE
91.5%
Marina sightBOAT
90.4%
WorryFRET
90.1%
On the houseFREE
90%
Daring and adventurousBOLD
87.9%
AvenueROAD
87.2%
●Schnozz●NOSE
87.1%
Not worth debating, impossible to proveMOOT
87%
Gelatin shaperMOLD
86.4%
Egg onGOAD
85%
Greek groupFRAT
85%
Clue 4-Letter Word % Correct
Sitter's handfulBRAT
84.1%
●Prevailing attitude●MOOD
82.4%
ReignRULE
82.1%
Sly trickRUSE
81.2%
●Toreador's opponent●BULL
81.1%
Watermelon discardRIND
80.7%
Double agentMOLE
80.4%
Type of weevilBOLL
80.1%
PerusedREAD
76.7%
Florida State player, casuallyNOLE
75.9%
Rip apartREND
72.7%
Sign on one side of a doorPULL
72.1%
Whimper like a childPULE
64.1%
●Word that can follow the highlighted words●RING
61.8%

Today's Daily Dose

Word Ladder
King of the...

Quick Pick
The Doors Songs

On This Day
August 17th II

You're not logged in!

Compare scores with friends on all Sporcle quizzes.
Join for Free
OR
Log In

You Might Also Like...

Show Comments

Extras

Top Quizzes Today


Score Distribution

Your Account Isn't Verified!

In order to create a playlist on Sporcle, you need to verify the email address you used during registration. Go to your Sporcle Settings to finish the process.

Report this User

Report this user for behavior that violates our Community Guidelines.

Details: